<?xml version="1.0" encoding="UTF-8"?>
<collection xmlns="http://www.loc.gov/MARC21/slim">
 <record>
  <leader>01847nam a2200289 a 4500</leader>
  <controlfield tag="001">1/52305</controlfield>
  <controlfield tag="008">210605s1994    enk           000 | eng d</controlfield>
  <datafield tag="040" ind1=" " ind2=" ">
   <subfield code="a">GR-PeUP</subfield>
  </datafield>
  <datafield tag="082" ind1="0" ind2="0">
   <subfield code="a">388 ΔΗΜ</subfield>
  </datafield>
  <datafield tag="110" ind1="2" ind2=" ">
   <subfield code="a">Δημοκρίτειο Πανεπιστήμιο Θράκης.</subfield>
  </datafield>
  <datafield tag="245" ind1="0" ind2="0">
   <subfield code="a">Proceedings of the International Conference on the Modernisation of Railway and Airway Transport = </subfield>
   <subfield code="b">πρακτικά του Διεθνούς Συνεδρίου Εκσυγχρονισμός Σιδηροδρομικών και Αεροπορικών Μεταφορών : the impact of liberalisation, May 1994, Democritus University, Xanthi, Greece /</subfield>
   <subfield code="c">Democritus University of Thrace ; editor V. Profillidis ; preface by M. Walrave, D. Vincent.</subfield>
  </datafield>
  <datafield tag="260" ind1=" " ind2=" ">
   <subfield code="a">Ξάνθη :</subfield>
   <subfield code="b">Δημοκρίτειο Πανεπιστήμιο Θράκης,</subfield>
   <subfield code="c">1994.</subfield>
  </datafield>
  <datafield tag="300" ind1=" " ind2=" ">
   <subfield code="a">xxiv, 430 σ. ; </subfield>
   <subfield code="c">24 εκ.</subfield>
  </datafield>
  <datafield tag="500" ind1=" " ind2=" ">
   <subfield code="a">Official languages: Greek, English, French.</subfield>
  </datafield>
  <datafield tag="500" ind1=" " ind2=" ">
   <subfield code="a">Γλώσσες συνεδρίου: Ελληνική, Αγγλική, Γαλλική.</subfield>
  </datafield>
  <datafield tag="500" ind1=" " ind2=" ">
   <subfield code="a">Παράλληλος τίτλος: Πρακτικά του Διεθνούς Συνεδρίου Εκσυγχρονισμός Σιδηροδρομικών και Αεροπορικών Μεταφορών : Οι επιπτώσεις της Απελευθέρωσης, Μάΐος 1994, Δημοκρίτειο Πανεπιστήμιο Θράκης, Ξάνθη.</subfield>
  </datafield>
  <datafield tag="650" ind1=" " ind2="0">
   <subfield code="a">Transportation.</subfield>
  </datafield>
  <datafield tag="650" ind1=" " ind2="0">
   <subfield code="a">Railroads.</subfield>
  </datafield>
  <datafield tag="650" ind1=" " ind2="0">
   <subfield code="a">Airways.</subfield>
  </datafield>
  <datafield tag="650" ind1=" " ind2="4">
   <subfield code="a">Μεταφορές.</subfield>
  </datafield>
  <datafield tag="650" ind1=" " ind2="4">
   <subfield code="a">Σιδηρόδρομοι.</subfield>
  </datafield>
  <datafield tag="650" ind1=" " ind2="4">
   <subfield code="a">Αεροπορικές εταιρείες.</subfield>
  </datafield>
  <datafield tag="700" ind1="1" ind2=" ">
   <subfield code="a">Προφυλλίδης, Βασίλης.</subfield>
  </datafield>
  <datafield tag="700" ind1="1" ind2=" ">
   <subfield code="a">Walrave, M.</subfield>
  </datafield>
  <datafield tag="700" ind1="1" ind2=" ">
   <subfield code="a">Vincent, D.</subfield>
  </datafield>
  <datafield tag="852" ind1=" " ind2=" ">
   <subfield code="a">INST</subfield>
   <subfield code="b">UNIPILB</subfield>
   <subfield code="c">MAIN</subfield>
   <subfield code="e">20210605</subfield>
   <subfield code="h">388 ΔΗΜ</subfield>
   <subfield code="p">00166033</subfield>
   <subfield code="q">00166033</subfield>
   <subfield code="t">LOAN</subfield>
   <subfield code="y">0</subfield>
   <subfield code="4">1</subfield>
  </datafield>
  <datafield tag="960" ind1=" " ind2=" ">
   <subfield code="a">ΑΛΜΠΑΝΗ ΤΑΝΙΑ</subfield>
  </datafield>
 </record>
</collection>
